IGOR Tracklist (Tyler, The Creator) - Statistics

General Stats
  • This quiz has been taken 1,772 times
  • The average score is 10 of 12
Answer Stats
Hint Answer % Correct
2 EARFQUAKE
93%
1 IGOR'S THEME
92%
12 ARE WE STILL FRIENDS?
91%
6 NEW MAGIC WAND
87%
10 GONE, GONE / THANK YOU
84%
3 I THINK
81%
7 A BOY IS A GUN*
80%
8 PUPPET
80%
11 I DON'T LOVE YOU ANYMORE
72%
5 RUNNING OUT OF TIME
70%
9 WHAT'S GOOD
66%
4 EXACTLY WHAT YOU RUN FROM YOU END UP CHASING
55%
No matching quizzes found
Score Distribution
Percent of People with Each Score
Percentile by Number Answered
Your Score History
You have not taken this quiz